| 000 | 00364nam a2200121Ia 4500 | ||
|---|---|---|---|
| 008 | 220120s9999||||xx |||||||||||||| ||und|| | ||
| 082 | _a624.1824 BUR | ||
| 100 |
_aBureau of indian standerds _912018 |
||
| 245 | 0 | _aDesign aids for reinforced concrete to IS:456-1978 | |
| 260 |
_aBureau of indian standerds _bNew Delhi _c1994 |
||
| 300 |
_a392p. _b225 |
||
| 650 | _aVHDL | ||
| 999 |
_c137586 _d137586 |
||